Conflict of laws in international sale theory and pratice of socialist countries (Registro nro. 45712)

Detalles MARC
000 -ENCABEZADO
Número de control [NR] 01644nam a2200409Ia 4500
008 - DE LONGITUD FIJA DE DATOS DE ELEMENTOS - INFORMACIÓN GENERAL
Elementos de longitud fija [NR] 130821s1965 ne gr eng
040 ## - FUENTE DE CATALOGACION [NR]
Agencia de catalogación original [NR] Co-BoUCM
Idioma de catalogación [NR] spa
041 00 - CODIGO DE IDIOMA [R]
Código de idioma para texto/pista de sonido o título separado [R] Inglés
100 1# - ASIENTO PRINCIPAL--NOMBRE PERSONAL [NR]
Nombre personal [NR] Lunz, L.A.
245 10 - MENCION DE TITULO [NR]
Título [NR] Conflict of laws in international sale theory and pratice of socialist countries
Mención de responsabilidad, etc. [NR] L.A. Lunz
260 ## - PUBLICACION, DISTRIBUCION, ETC. (PIE DE IMPRENTA) [R]
Lugar de publicación, distribución, etc. [R] Leiden (Holanda)
Nombre del editor, distribuidor, etc. [R] A. W. Sijthoff
Fecha de publicación, distribución, etc. [R] 1965
300 ## - DESCRIPCION FISICA [R]
Extensión [R] 580 páginas
490 #0 - MENCION DE SERIE [R]
Mención de serie [R] Recueil des Cours.
Designación numérica/secuencial del volumen [NR] 114
Mención de serie [R] Collected Courses of the Hague Academy of International Law
504 ## - NOTA DE BIBLIOGRAFIA, ETC. [R]
Nota de bibliografía, etc. [NR]
650 04 - ASIENTO SECUNDARIO DE MATERIA - TERMINO TEMATICO [R]
Término temático o nombre geográfico como elemento de entrada [NR] Conflictos internacionales
9 (RLIN) 11587
650 04 - ASIENTO SECUNDARIO DE MATERIA - TERMINO TEMATICO [R]
Término temático o nombre geográfico como elemento de entrada [NR] Derecho internacional humanitario
9 (RLIN) 7496
650 04 - ASIENTO SECUNDARIO DE MATERIA - TERMINO TEMATICO [R]
Término temático o nombre geográfico como elemento de entrada [NR] Derecho internacional privado
9 (RLIN) 7497
650 04 - ASIENTO SECUNDARIO DE MATERIA - TERMINO TEMATICO [R]
Término temático o nombre geográfico como elemento de entrada [NR] Derecho internacional público
9 (RLIN) 7498
650 04 - ASIENTO SECUNDARIO DE MATERIA - TERMINO TEMATICO [R]
Término temático o nombre geográfico como elemento de entrada [NR] Derecho internacional
9 (RLIN) 12776
650 04 - ASIENTO SECUNDARIO DE MATERIA - TERMINO TEMATICO [R]
Término temático o nombre geográfico como elemento de entrada [NR] Derecho y socialismo
9 (RLIN) 12848
650 04 - ASIENTO SECUNDARIO DE MATERIA - TERMINO TEMATICO [R]
Término temático o nombre geográfico como elemento de entrada [NR] Guerra (Derecho internacional)
650 04 - ASIENTO SECUNDARIO DE MATERIA - TERMINO TEMATICO [R]
Término temático o nombre geográfico como elemento de entrada [NR] Guerra civil
9 (RLIN) 16584
650 04 - ASIENTO SECUNDARIO DE MATERIA - TERMINO TEMATICO [R]
Término temático o nombre geográfico como elemento de entrada [NR] Tratados
9 (RLIN) 25816
700 12 - ASIENTO SECUNDARIO - NOMBRE PERSONAL [R]
Nombre personal [NR] Berlia, G.
700 12 - ASIENTO SECUNDARIO - NOMBRE PERSONAL [R]
Nombre personal [NR] Draper, G.I.A.D.
700 12 - ASIENTO SECUNDARIO - NOMBRE PERSONAL [R]
Nombre personal [NR] Henkin, Louis
700 12 - ASIENTO SECUNDARIO - NOMBRE PERSONAL [R]
Nombre personal [NR] Pinto, Roger
700 12 - ASIENTO SECUNDARIO - NOMBRE PERSONAL [R]
Nombre personal [NR] Schnyder, F.
710 2# - ASIENTO SECUNDARIO - NOMBRE CORPORATIVO [R]
Nombre corporativo o de jurisdicción como elemento de entrada [NR] Académie de Droit International Law
740 02 - ASIENTO SECUNDARIO – TITULOS RELACIONADOS/ANALITICOS NO CONTROLADOS [R]
Título relacionado o analítico no controlado [NR] Contribution à l'interprétation des traités / G. Berlia.
740 02 - ASIENTO SECUNDARIO – TITULOS RELACIONADOS/ANALITICOS NO CONTROLADOS [R]
Título relacionado o analítico no controlado [NR] International law and the behavior of nations / Louis Henkin.
740 42 - ASIENTO SECUNDARIO – TITULOS RELACIONADOS/ANALITICOS NO CONTROLADOS [R]
Título relacionado o analítico no controlado [NR] Les aspects juridiques actuels du problème des réfugiés / F. Schnyder.
740 42 - ASIENTO SECUNDARIO – TITULOS RELACIONADOS/ANALITICOS NO CONTROLADOS [R]
Título relacionado o analítico no controlado [NR] Les règles du droit international concernant la guerre civile / Roger Pinto.
740 42 - ASIENTO SECUNDARIO – TITULOS RELACIONADOS/ANALITICOS NO CONTROLADOS [R]
Título relacionado o analítico no controlado [NR] The Geneva conventions of 1949 / G.I.A.D. Draper.
942 ## - ELEMENTOS DE ENTRADA AGREGADOS (KOHA)
Tema principal Derecho
Edición 1
Prefijo de la signatura top. (colección) Colección - Referencia
Parte restante de la signatura top. R311
Tipo de ítem principal el descrito en 300a Libro de referencia
Sistema de clasificación DEWEY
Clasificación 341.02
Existencias
Signatura topográfica Código de barras Última vez visto Volúmen / Fascículo Ejemplar Price effective from Tipo de ítem Perdido Sistema de clasificación Dañado No prestable Tipo de ítem específico Suprimido Ubicación habitual Ubicación actual Localización Fecha de creación Forma de adquisición Costo
R 341.02 R311 100063090 13/01/2025 V.114 Ej.1 03/02/2013 Libro de referencia   DEWEY     Libro de referencia   Claustro Claustro 5to piso 28/02/2005 Donación 26500.00